| 000 | 00743nam a2200241 a 4500 | ||
|---|---|---|---|
| 005 | 20240425063911.0 | ||
| 008 | 991125s1988 es 000 0 spa u | ||
| 020 | _a8427703910 | ||
| 035 | _aUPN01000026490 | ||
| 049 | _aCG | ||
| 050 | 4 |
_aLB1025 _bJ8.48 1988 |
|
| 100 | 1 | _aJuif, Paul | |
| 245 | 1 | 0 |
_aGrandes orientaciones de la pedagogía contemporánea / _cPaul Juif, Louis Legrand ; tr. Ma. Teresa Palacios. |
| 250 | _a3a ed. | ||
| 260 |
_aMadrid : _bNarcea, _c1988. |
||
| 300 | _a398 p. | ||
| 440 | 0 |
_aEducación hoy. _aEstudios |
|
| 590 | _a(También localizas un ejemplar en el "Area de Reserva") | ||
| 590 | _aBibliografía Básica (BGTQ) | ||
| 650 | 4 |
_aEnseñanza _96215 |
|
| 700 | 1 |
_aLegrand, Louis, _ecoaut. |
|
| 905 | _aLibro | ||
| 999 |
_c26490 _d26490 |
||